| 000 | 00355nam a2200133Ia 4500 | ||
|---|---|---|---|
| 008 | 230627s9999 xx 000 0 und d | ||
| 020 | _a81-7534-263-3 | ||
| 041 | _amar | ||
| 082 |
_a340.1 _bFIT |
||
| 100 | _aFitzgerald P. J | ||
| 245 | _aSalmond On Jurisprudence | ||
| 260 |
_aDelhi _bUniversal Law Publishing Co. Pvt. Ltd. _c2006 |
||
| 300 | _aXXIII+481p | ||
| 999 |
_c695445 _d695445 |
||